000 01392cam a2200325 a 4500
999 _c330624
_d330624
001 17423291
003 NUST
005 20170726122437.0
008 120809s2011 pk a 000 0 urd
010 _a 2012430395
025 _aP-U-2012430395; 09
037 _bLibrary of Congress -- Islamabad Overseas Office
_cRs 600
040 _aDLC
_cDLC
042 _alcode
_apcc
043 _aa-pk---
050 0 0 _aML128.S3
_bA85 2011
066 _c(3
_c(4
082 _a891.4391
_bAHM
100 1 _6880-01
_aAhmad, Shafique.
_93577
245 1 0 _6880-02
_aJanobi Asia ki muntakhib Urdū shairi
_cby Jamil Chaudhary [at al...]
_b(Hissa awal) 1980 tak/
260 _6880-03
_aLāhore :
_bPunjab University,
_c2012.
300 _a681 p. :
_bill. ;
_c24 cm.
500 _aFilmi shairi
520 _aIndex of Pakistani Urdu songs from 1948 to 1970.
546 _aIn Urdu.
650 0 _aSongs, Urdu
_zPakistan
_vIndexes.
_93578
710 _aPunjab University Lahore, Pakistan
_93579
880 1 _6100-01/(3/r‏
_aشفیق احمد
880 1 0 _6245-02/(4/r‏
_aجنوبی ایشیا کی منتخب اردو فلمی شاعری:حصہ اول 1980 تک
_cتحقیق و ترتیب : جمیل چوھدری، محمد سلیم مظہراور نسیم خالد ، نظر ثانی: شفیق احمد
880 _6260-03/(3/r‏
_a‏لاهور :‏
_bپنجاب یونیورسٹی ،‏
_c‏‫2012‬.
906 _a7
_bcbc
_corigode
_d3
_encip
_f20
_gy-nonroman
942 _2ddc
_cBK